000
00184nam a2200073Ia 4500
008
170817s9999 xx 000 0 und d
100
_a
Mathur.K.P
245
0
_a
Shiksha Ke Siddhant
260
_b
Vinod Pustak Mandir Agara
999
_c
39606
_d
39606